Date e Segno zodiacale - Quiz n°9 - Statistics

Statistiche generali
  • Questo quiz è stato fatto 11 volte
  • Il punteggio medio è 9 su 10
Statistiche sulle risposte
Hint Risposta % Corretto
1 giugno Gemelli
100%
5 marzo Pesci
100%
9 novembre Scorpione
100%
6 aprile Ariete
90%
1 ottobre Bilancia
90%
26 luglio Leone
90%
16 dicembre Sagittario
90%
10 settembre Vergine
90%
7 settembre Vergine
80%
24 dicembre Capricorno
70%
Nessun quiz corrispondente trovato
Distribuzione punteggi
Percentuale di utenti per punteggio
Percentile per numero di risposta
I tuoi punteggi nel tempo
Non hai fatto questo quiz